Oeuvres complétes de Alfred de Musset (Record no. 5782)

MARC details
000 -CABECERA
campo de control de longitud fija 00955nam a2200241 a 4500
001 - NÚMERO DE CONTROL
campo de control BRCA_6095
005 - FECHA Y HORA DE LA ÚLTIMA TRANSACCIÓN
campo de control 20190320205331.0
008 - DATOS DE LONGITUD FIJA--INFORMACIÓN GENERAL
campo de control de longitud fija 220611s1830----fr-#######---#000-0#fre-#
041 ## - CÓDIGO DE LENGUA
Código de lengua del texto/banda sonora o título independiente fre
044 ## - CÓDIGO DEL PAÍS DE LA ENTIDAD EDITORA/PRODUCTORA
Código MARC del país fr
050 #4 - SIGNATURA TOPOGRÁFICA DE LA BIBLIOTECA DEL CONGRESO
Número de clasificación PQ2369.M8
Número de documento/Ítem .B57 1830
100 1# - ENTRADA PRINCIPAL--NOMBRE DE PERSONA
Nombre de persona Biré, Edmond
Fechas asociadas al nombre 1829-1907
9 (RLIN) 15412
245 10 - MENCIÓN DE TÍTULO
Título Oeuvres complétes de Alfred de Musset
Resto del título nouvelle édition revue, corrigée et complétée de documents inédits précédée d´une notice biographique sur l´auteur et suivie de notes
Mención de responsabilidad, etc. par Edmond Biré.
260 ## - PUBLICACIÓN, DISTRIBUCIÓN, ETC.
Lugar de publicación, distribución, etc. París
Nombre del editor, distribuidor, etc. Garnier Frères
Fecha de publicación, distribución, etc. [1830?]
300 ## - DESCRIPCIÓN FÍSICA
Extensión lxxx, 423 p. (v.1)
Dimensiones 19 cm.
500 ## - NOTA GENERAL
Nota general I19
504 ## - NOTA DE BIBLIOGRAFÍA, ETC.
Nota de bibliografía, etc. Incluye referencias bibliográficas
505 0# - NOTA DE CONTENIDO CON FORMATO
Nota de contenido con formato Contenido: v.1. Premieres Poesies : 1829-1835. Contes d´Espagne et d´Italie - Spectacle dans un fauteuil - Poésies diverses - Namouna
600 14 - PUNTO DE ACCESO ADICIONAL DE MATERIA--NOMBRE DE PERSONA
Nombre de persona Musset, Alfred de
Fechas asociadas al nombre 1810-1857
9 (RLIN) 15413
650 14 - PUNTO DE ACCESO ADICIONAL DE MATERIA--TÉRMINO DE MATERIA
Término de materia o nombre geográfico como elemento de entrada Literatura francesa
9 (RLIN) 15414
902 ## - CATALOGADOR
Iniciales GFM
942 ## - ELEMENTOS DE PUNTO DE ACCESO ADICIONAL (KOHA)
Fuente del sistema de clasificación o colocación Library of Congress Classification
Tipo de ítem Koha Libros
Holdings
Estado de retiro Estado de pérdida Estado dañado No para préstamo Localización permanente Ubicación/localización actual Fecha de adquisición Número de inventario Total de préstamos Signatura topográfica completa Código de barras Fecha visto por última vez Precio válido a partir de Tipo de ítem Koha
El ejemplar forma parte de la colección y puede ser consultado según las políticas vigentes.       Biblioteca del Museo Franz Mayer (Rogerio Casas-Alatriste) Biblioteca del Museo Franz Mayer (Rogerio Casas-Alatriste) 22/06/2011 I19   PQ2369.M8 .B57 1830 (I19) 6534 22/03/2019 22/03/2019 Libros